10 Countries with the Most Heliports - Statistics

General Stats
  • This quiz has been taken 28 times
  • The average score is 9 of 10
Answer Stats
Number of Heliports Answer % Correct
170 United Kingdom
100%
5,664 United States
100%
218 China
96%
123 Japan
96%
408 Mexico
96%
367 Canada
93%
1,000 Brazil
89%
1,141 India
85%
510 South Korea
63%
1,100 United Arab Emirates
33%
No matching quizzes found
Score Distribution
Percent of People with Each Score
Percentile by Number Answered
Your Score History
You have not taken this quiz